Statistics for Danganronpa 1 Ultimate Quiz *Spoilers*

Click here to take the quiz!

General Stats

  • This quiz has been taken 109 times
  • The average score is 14 of 17

Answer Stats

CharacterUltimate% Correct
Aoi AsahinaUltimate Swimming Pro
97%
Celestia "Celeste" LudenbergUltimate Gambler
94%
Chihiro FujisakiUltimate Programmer
94%
Kyoko KirigiriUltimate Detective
93%
Leon KuwataUltimate Baseball Star
91%
Junko EnoshimaUltimate Fashionista / Ultimate Despair
91%
Makoto NaegiUltimate Lucky Student
91%
Mondo OwadaUltimate Biker Gang Leader
90%
Sayaka MaizonoUltimate Pop Sensation
87%
Sakura OgamiUltimate Martial Artist
85%
Kiyotaka IshimaruUltimate Moral Compass
85%
Mukuro IkusabaUltimate Soldier
85%
Yasuhiro HagakureUltimate Clairvoyant
81%
Byakuya TogamiUltimate Affluent Progeny
76%
Hifumi YamadaUltimate Fanfic Creator
76%
Toko FukawaUltimate Writing Prodigy
70%
Genocide JackUltimate Murderous Fiend
61%

Score Distribution

Percentile by Number Answered

Percent of People with Each Score

Your Score History

You have not taken this quiz